Conmemoración del 18 de julio
Publicado:
San Jorge, núm. 70 - 71 (2n - 3r trimestre 1968), pàg 154 :
MARC
| LEADER | 00000nam a2200000Ia 4500 | ||
|---|---|---|---|
| 001 | |||
| 008 | 160829s9999 xx 000 0 cat d | ||
| 245 | |a Conmemoración del 18 de julio | ||
| 260 | |a San Jorge, núm. 70 - 71 (2n - 3r trimestre 1968), pàg 154 | ||
| 651 | 0 | |a Espanya |x Història |y 1936-1939, Guerra Civil |x Aniversaris, etc. |9 55760 | |
| 901 | |a Arxiu | ||
| 942 | |n 1 | ||
| 952 | |0 0 |1 0 |4 0 |7 1 |9 49704 |a Arxiu |b Arxiu |d 2016-12-01 |l 0 |r 2016-12-01 00:00:00 |w 2016-12-01 |y ARXIU | ||
| 999 | |c 53546 |d 53546 | ||